Chris's by Picture - Statistics

General Stats
  • This quiz has been taken 37 times
  • The average score is 13 of 25
Answer Stats
Picture Answer % Correct
Christopher Columbus
97%
Chris Hemsworth
77%
Christina Aguilera
73%
Chris Pratt
70%
Christopher Reeve
70%
Chris Griffin
67%
Chris Rock
67%
Christopher Walken
67%
Christian Bale
63%
Christopher Robin
60%
Kristen Stewart
60%
Chris Evans
53%
Chris Farley
53%
Christina Applegate
50%
Christopher Lloyd
47%
Kristen Bell
47%
Chris Tucker
40%
Chris Paul
37%
Chris Pine
33%
Kirsten Dunst
33%
Chris Brown
30%
Christopher Nolan
23%
Chris Benoit
20%
Chris Stapleton
20%
Chris Redfield
3%
No matching quizzes found
Score Distribution
Percent of People with Each Score
Percentile by Number Answered
Your Score History
You have not taken this quiz